[Event "NB II. Asztalos csoport"]
[Site "Baja"]
[Date "2024.04.07"]
[Round "7.7"]
[White "Bogar, Gabor"]
[Black "Ferenczi, Csaba"]
[Result "1/2-1/2"]
[WhiteElo "1858"]
[BlackElo "1990"]
[PlyCount "105"]
[EventDate "2023.10.08"]
[EventType "team-tourn"]
[EventRounds "9"]
[EventCountry "HUN"]
[Source "chess.hu"]
[WhiteTeam "Szentlorinc"]
[BlackTeam "Bajai SSC"]
[WhiteTeamCountry "HUN"]
[BlackTeamCountry "HUN"]

1. d4 Nf6 2. c4 g6 3. Nf3 Bg7 4. Nc3 O-O 5. e3 d5 6. Bd3 c5 7. cxd5 Nxd5 8. O-O
cxd4 9. exd4 Nc6 10. Bc4 Nxc3 11. bxc3 e5 12. Ba3 Re8 13. Re1 exd4 14. Rxe8+
Qxe8 15. Nxd4 Nxd4 16. cxd4 Qe4 17. Bb2 Be6 18. Bxe6 fxe6 19. Qe1 Qxe1+ 20.
Rxe1 Rc8 21. g3 Rc2 22. Rb1 b6 23. Kf1 Kf7 24. Ke1 Ke7 25. a4 Kd7 26. h4 Rc4
27. a5 Rb4 28. axb6 axb6 29. f4 Bxd4 30. Rd1 Rxb2 31. Rxd4+ Kc6 32. Re4 Kd6 33.
Re5 h6 34. Kf1 b5 35. Re4 b4 36. Re5 b3 37. Rb5 Rb1+ 38. Kg2 b2 39. g4 Kc6 40.
Rb8 Kd5 41. h5 gxh5 42. g5 hxg5 43. fxg5 Ke5 44. Rb5+ Kf4 45. g6 Rc1 46. Rxb2
Rc8 47. Rb5 e5 48. Rb7 Rc6 49. g7 Rg6+ 50. Kh3 Rg4 51. Rf7+ Ke3 52. Rf5 Rxg7
53. Rxe5+ 1/2-1/2

[Event "NB II. Asztalos csoport"]
[Site "Baja"]
[Date "2024.04.07"]
[Round "7.8"]
[White "Arato, Bela"]
[Black "Csoszi, Csenge"]
[Result "1-0"]
[WhiteElo "2022"]
[BlackElo "1791"]
[PlyCount "69"]
[EventDate "2023.10.08"]
[EventType "team-tourn"]
[EventRounds "9"]
[EventCountry "HUN"]
[Source "chess.hu"]
[WhiteTeam "Bajai SSC"]
[BlackTeam "Szentlorinc"]
[WhiteTeamCountry "HUN"]
[BlackTeamCountry "HUN"]

1. e4 e6 2. d4 d5 3. Nc3 Bb4 4. e5 Ne7 5. a3 Bxc3+ 6. bxc3 c5 7. f4 Nf5 8. Nf3
Nc6 9. Bd3 Nh4 10. Ng5 cxd4 11. Qh5 Nxg2+ 12. Kf2 g6 13. Qh6 Ne3 14. Qg7 Rf8
15. a4 Nxe5 16. Bb5+ Bd7 17. Ba3 Bxb5 18. Qxf8+ Kd7 19. Qd6+ Ke8 20. Qf8+ Kd7
21. Qxd8+ Rxd8 22. axb5 h6 23. fxe5 hxg5 24. Bd6 a6 25. bxa6 bxa6 26. Rxa6 Nxc2
27. cxd4 Nxd4 28. Rc1 Nb5 29. Rb6 Nxd6 30. exd6 Ke8 31. Rc7 Ra8 32. Rbb7 Ra2+
33. Ke3 Ra3+ 34. Kd4 Ra4+ 35. Ke5 1-0

[Event "NB II. Asztalos csoport"]
[Site "Baja"]
[Date "2024.04.07"]
[Round "7.9"]
[White "Konya, Attila"]
[Black "Javor, Sandor"]
[Result "1-0"]
[WhiteElo "1846"]
[BlackElo "2107"]
[PlyCount "53"]
[EventDate "2023.10.08"]
[EventType "team-tourn"]
[EventRounds "9"]
[EventCountry "HUN"]
[Source "chess.hu"]
[WhiteTeam "Szentlorinc"]
[BlackTeam "Bajai SSC"]
[WhiteTeamCountry "HUN"]
[BlackTeamCountry "HUN"]

1. e4 d6 2. d4 g6 3. Nf3 Bg7 4. h3 Nf6 5. Nc3 O-O 6. Be2 Nc6 7. Bg5 h6 8. Bh4
a6 9. O-O g5 10. Bg3 Nh5 11. Bh2 Nf6 12. d5 Nb8 13. e5 dxe5 14. Nxe5 Nbd7 15.
Bf3 Nxe5 16. Bxe5 Bd7 17. Re1 Rc8 18. Qd3 c6 19. Rad1 cxd5 20. Nxd5 Bc6 21.
Bxf6 exf6 22. Ne7+ Kh8 23. Nxc8 Qxc8 24. c3 Qc7 25. Bxc6 Qxc6 26. Qd5 Qb6 27.
b3 1-0

[Event "NB II. Asztalos csoport"]
[Site "Baja"]
[Date "2024.04.07"]
[Round "7.10"]
[White "Kosa, Jeno"]
[Black "Szakal, Bela"]
[Result "1-0"]
[WhiteElo "2041"]
[BlackElo "1832"]
[PlyCount "117"]
[EventDate "2023.10.08"]
[EventType "team-tourn"]
[EventRounds "9"]
[EventCountry "HUN"]
[Source "chess.hu"]
[WhiteTeam "Bajai SSC"]
[BlackTeam "Szentlorinc"]
[WhiteTeamCountry "HUN"]
[BlackTeamCountry "HUN"]

1. d4 f5 2. Nf3 Nf6 3. g3 d5 4. Bg2 e6 5. O-O Bd6 6. c4 c6 7. b3 Nbd7 8. Bb2
O-O 9. Nbd2 Qe8 10. Ne5 Ne4 11. f3 Ng5 12. e4 Nf6 13. h4 Nf7 14. Qe2 Nxe5 15.
dxe5 Bc5+ 16. Kh2 Nh5 17. exf5 Rxf5 18. f4 g6 19. Bh3 Rf8 20. Rac1 Bb6 21. Nf3
Ng7 22. Ba3 Rf7 23. Ng5 Rc7 24. c5 h6 25. Nf3 Rf7 26. cxb6 axb6 27. Bd6 Nf5 28.
Bxf5 gxf5 29. Rg1 Rg7 30. Rg2 h5 31. Ng5 Bd7 32. Bc7 Ra6 33. b4 b5 34. Rc3 Ra4
35. a3 Bc8 36. Ba5 Bd7 37. Qf2 Re7 38. Qb6 Bc8 39. Nf3 Kg7 40. Ne1 Qd7 41. Rd2
Qe8 42. Nd3 Kh6 43. Nb2 Rxa5 44. Qxa5 Rg7 45. Qb6 Rg4 46. Qf2 Qe7 47. Nd3 Bd7
48. Ne1 b6 49. Nf3 Qd8 50. Ng5 Qb8 51. Rdc2 Qb7 52. Qd2 Kg6 53. Qc1 c5 54. bxc5
d4 55. c6 Qa7 56. cxd7 Qxd7 57. Rc6 d3 58. Rd2 Qd4 59. Rxe6+ 1-0

[Event "NB II. Asztalos csoport"]
[Site "Baja"]
[Date "2024.04.07"]
[Round "7.11"]
[White "Fabian, Zsombor"]
[Black "Kelemen, Aron"]
[Result "0-1"]
[WhiteElo "1734"]
[BlackElo "1921"]
[PlyCount "134"]
[EventDate "2023.10.08"]
[EventType "team-tourn"]
[EventRounds "9"]
[EventCountry "HUN"]
[Source "chess.hu"]
[WhiteTeam "Szentlorinc"]
[BlackTeam "Bajai SSC"]
[WhiteTeamCountry "HUN"]
[BlackTeamCountry "HUN"]

1. e4 c5 2. Nf3 d6 3. d4 cxd4 4. Nxd4 Nf6 5. Nc3 a6 6. Bc4 e6 7. Bg5 Be7 8. O-O
O-O 9. Bb3 b5 10. a3 Qc7 11. Re1 Nc6 12. Nxc6 Qxc6 13. Qd2 Bb7 14. Rad1 Rfd8
15. Kh1 Rac8 16. f3 Kh8 17. Qe3 h6 18. Bh4 Ng4 19. fxg4 Bxh4 20. g3 Bf6 21. Qf4
Rd7 22. Rd3 a5 23. a4 b4 24. Nb5 Be5 25. Qf3 Ba6 26. c4 bxc3 27. bxc3 Bxb5 28.
axb5 Qxb5 29. c4 Qb4 30. Rb1 a4 31. Ba2 Qc5 32. Rb5 Qc6 33. Ra3 Ra7 34. Rb4 Bd4
35. Rd3 Bc5 36. Rb5 Rb7 37. e5 Rxb5 38. Qxc6 Rxc6 39. cxb5 Rb6 40. exd6 Rxd6
41. Rxd6 Bxd6 42. b6 Kg8 43. Kg2 Kf8 44. Bc4 Ke7 45. Kf3 Bb8 46. Ke3 Kd6 47.
Kd3 Kc6 48. Kc3 Bd6 49. Bd3 Kxb6 50. Bh7 f6 51. Bg8 e5 52. Kd3 Bc5 53. h4 Bf2
54. g5 hxg5 55. hxg5 Bxg3 56. gxf6 gxf6 57. Bh7 Kc5 58. Be4 Kb4 59. Kc2 Kc4 60.
Bc6 a3 61. Bd7 Kd4 62. Kb3 e4 63. Kxa3 e3 64. Bg4 f5 65. Be2 Kc3 66. Ka2 Kd2
67. Bf1 e2 0-1

[Event "NB II. Asztalos csoport"]
[Site "Baja"]
[Date "2024.04.07"]
[Round "7.12"]
[White "Baki, Bence"]
[Black "Antal, Daniel"]
[Result "1-0"]
[WhiteElo "1883"]
[BlackElo "1655"]
[PlyCount "77"]
[EventDate "2023.10.08"]
[EventType "team-tourn"]
[EventRounds "9"]
[EventCountry "HUN"]
[Source "chess.hu"]
[WhiteTeam "Bajai SSC"]
[BlackTeam "Szentlorinc"]
[WhiteTeamCountry "HUN"]
[BlackTeamCountry "HUN"]

1. e4 e6 2. d4 d5 3. Nc3 Nf6 4. e5 Nfd7 5. Nce2 c5 6. c3 Nc6 7. f4 Qb6 8. Nf3
cxd4 9. cxd4 Be7 10. g3 O-O 11. Bh3 Qc7 12. O-O Nb6 13. b3 Bd7 14. Be3 Rac8 15.
g4 Nb4 16. Rc1 Qb8 17. f5 Nxa2 18. Ra1 Nc3 19. Nxc3 Rxc3 20. Bd2 Rc6 21. f6
gxf6 22. exf6 Bxf6 23. Bh6 Rfc8 24. g5 Bh8 25. Ne1 a6 26. Kh1 Qc7 27. Ng2 Bg7
28. Qh5 Be8 29. Bxg7 Kxg7 30. Qh6+ Kg8 31. Nh4 Rc2 32. Bg2 Bb5 33. Rg1 Nd7 34.
g6 hxg6 35. Nxg6 fxg6 36. Qxg6+ Kf8 37. Qxe6 Nb6 38. Qf6+ Kg8 39. Be4+ 1-0

[Event "NB II. Asztalos csoport"]
[Site "Marcali"]
[Date "2024.04.07"]
[Round "7.1"]
[White "Ruppaner, Janos"]
[Black "Roemer, Ulrich"]
[Result "1/2-1/2"]
[WhiteElo "2020"]
[BlackElo "2186"]
[PlyCount "27"]
[EventDate "2023.10.08"]
[EventType "team-tourn"]
[EventRounds "9"]
[EventCountry "HUN"]
[Source "chess.hu"]
[WhiteTeam "Kalocsai SK"]
[BlackTeam "Marcali VSZSE"]
[WhiteTeamCountry "HUN"]
[BlackTeamCountry "HUN"]

1. e4 c5 2. Nf3 d6 3. d4 cxd4 4. Nxd4 Nf6 5. Nc3 g6 6. f4 Nc6 7. Nb3 Bg7 8. Be2
O-O 9. Be3 Be6 10. Bf3 Qc8 11. h3 Rd8 12. Nd4 d5 13. e5 Ne4 14. Nce2 1/2-1/2

[Event "NB II. Asztalos csoport"]
[Site "Marcali"]
[Date "2024.04.07"]
[Round "7.2"]
[White "Haszon, David"]
[Black "Molnar, Krisztian"]
[Result "1-0"]
[WhiteElo "2244"]
[BlackElo "1991"]
[PlyCount "53"]
[EventDate "2023.10.08"]
[EventType "team-tourn"]
[EventRounds "9"]
[EventCountry "HUN"]
[Source "chess.hu"]
[WhiteTeam "Marcali VSZSE"]
[BlackTeam "Kalocsai SK"]
[WhiteTeamCountry "HUN"]
[BlackTeamCountry "HUN"]

1. e4 e6 2. d4 d5 3. Nd2 Nf6 4. e5 Nfd7 5. Bd3 c5 6. c3 Nc6 7. Ngf3 Qb6 8. O-O
cxd4 9. cxd4 Nxd4 10. Nxd4 Qxd4 11. Nf3 Qb6 12. Qa4 Be7 13. Qg4 Kf8 14. Re1 f6
15. Be3 Bc5 16. Bxc5+ Nxc5 17. exf6 gxf6 18. Qh4 Kg7 19. Re3 Nxd3 20. Rxd3 Bd7
21. Ne5 fxe5 22. Qe7+ Kg6 23. Rg3+ Kf5 24. Rf3+ Kg6 25. Qf6+ Kh5 26. Rh3+ Kg4
27. Rh4# 1-0

[Event "NB II. Asztalos csoport"]
[Site "Marcali"]
[Date "2024.04.07"]
[Round "7.4"]
[White "Ferenczy, Mate"]
[Black "Lukacs, Albert"]
[Result "1-0"]
[WhiteElo "2018"]
[BlackElo "1970"]
[PlyCount "41"]
[EventDate "2023.10.08"]
[EventType "team-tourn"]
[EventRounds "9"]
[EventCountry "HUN"]
[Source "chess.hu"]
[WhiteTeam "Marcali VSZSE"]
[BlackTeam "Kalocsai SK"]
[WhiteTeamCountry "HUN"]
[BlackTeamCountry "HUN"]

1. e4 c6 2. c4 d5 3. exd5 cxd5 4. cxd5 Nf6 5. Nc3 Nxd5 6. Bc4 Nxc3 7. bxc3 Qc7
8. Bb3 e5 9. Ne2 Bg4 10. O-O Be7 11. d3 O-O 12. h3 Bh5 13. f4 exf4 14. Bxf4 Bd6
15. Qd2 Nd7 16. Bxd6 Qxd6 17. Nf4 Qh6 18. Qf2 Ne5 19. Qh4 Qb6+ 20. d4 Bg6 21.
Nd5 1-0

[Event "NB II. Asztalos csoport"]
[Site "Marcali"]
[Date "2024.04.07"]
[Round "7.5"]
[White "Bartuszek, Andras"]
[Black "Haszon, Abel"]
[Result "0-1"]
[WhiteElo "1871"]
[BlackElo "1930"]
[PlyCount "64"]
[EventDate "2023.10.08"]
[EventType "team-tourn"]
[EventRounds "9"]
[EventCountry "HUN"]
[Source "chess.hu"]
[WhiteTeam "Kalocsai SK"]
[BlackTeam "Marcali VSZSE"]
[WhiteTeamCountry "HUN"]
[BlackTeamCountry "HUN"]

1. e4 c6 2. d4 d5 3. Nd2 dxe4 4. Nxe4 Nf6 5. Ng5 h6 6. N5f3 Bg4 7. h3 Bxf3 8.
Nxf3 Nbd7 9. Bc4 e6 10. a4 Qc7 11. O-O Bd6 12. a5 O-O 13. c3 b6 14. Be3 bxa5
15. Qc1 Rfb8 16. g4 Nd5 17. Bxd5 cxd5 18. g5 h5 19. g6 f6 20. Nh4 Nf8 21. Qd1
Bf4 22. Qxh5 Bxe3 23. Kg2 Rxb2 24. Nf5 exf5 25. Qxf5 Qd7 26. Qxd7 Nxd7 27. Rxa5
Nf8 28. Rxd5 Nxg6 29. Kf3 Bg5 30. Kg4 Re8 31. f4 Rg2+ 32. Kf3 Nh4# 0-1

[Event "NB II. Asztalos csoport"]
[Site "Marcali"]
[Date "2024.04.07"]
[Round "7.6"]
[White "Palfi, Peter"]
[Black "Kenyeres, Zsolt"]
[Result "1-0"]
[WhiteElo "1990"]
[BlackElo "1717"]
[PlyCount "63"]
[EventDate "2023.10.08"]
[EventType "team-tourn"]
[EventRounds "9"]
[EventCountry "HUN"]
[Source "chess.hu"]
[WhiteTeam "Marcali VSZSE"]
[BlackTeam "Kalocsai SK"]
[WhiteTeamCountry "HUN"]
[BlackTeamCountry "HUN"]

1. e4 e5 2. Nf3 Nc6 3. Bb5 a6 4. Ba4 Nf6 5. O-O Be7 6. c3 d6 7. h3 O-O 8. Qe2
b5 9. Bc2 h6 10. d4 exd4 11. cxd4 Nb4 12. e5 dxe5 13. dxe5 Nfd5 14. Be4 Be6 15.
a3 Nc6 16. Rd1 b4 17. Qd2 Na7 18. Bxd5 Bxd5 19. Qxd5 Qxd5 20. Rxd5 Rfd8 21.
Rxd8+ Rxd8 22. Bd2 b3 23. Nc3 Nc6 24. Ne4 Nd4 25. Nxd4 Rxd4 26. f3 c5 27. Kf2
c4 28. Ke2 f5 29. exf6 gxf6 30. Bc3 Rd3 31. Nxf6+ Kf7 32. Ne4 1-0

[Event "NB II. Asztalos csoport"]
[Site "Marcali"]
[Date "2024.04.07"]
[Round "7.12"]
[White "Bereczk, Balint"]
[Black "Grafik, Martin"]
[Result "1/2-1/2"]
[WhiteElo "1486"]
[BlackElo "1601"]
[PlyCount "88"]
[EventDate "2023.10.08"]
[EventType "team-tourn"]
[EventRounds "9"]
[EventCountry "HUN"]
[Source "chess.hu"]
[WhiteTeam "Marcali VSZSE"]
[BlackTeam "Kalocsai SK"]
[WhiteTeamCountry "HUN"]
[BlackTeamCountry "HUN"]

1. e4 e5 2. Nf3 Nc6 3. Nc3 Nf6 4. Bc4 h6 5. d3 Bb4 6. Bd2 d6 7. a3 Bc5 8. b4
Bd4 9. Nxd4 Nxd4 10. Be3 c5 11. Bxd4 cxd4 12. Nd5 Nxd5 13. Bxd5 O-O 14. O-O Qc7
15. f4 Re8 16. f5 Kf8 17. Qh5 f6 18. Qg6 Re7 19. Ra2 Rb8 20. Rf3 Qc3 21. h3 b5
22. Kh2 Bb7 23. Be6 Bc8 24. Bd5 Bb7 25. Bb3 Rd8 26. Rg3 d5 27. Qh7 Ke8 28. Rxg7
Rxg7 29. Qxg7 Ba8 30. Qxf6 Qd2 31. Qxe5+ Kf8 32. Bxd5 Bxd5 33. exd5 Qf2 34.
Qh8+ Ke7 35. Qg7+ Ke8 36. Qg8+ Ke7 37. Qe6+ Kf8 38. d6 Qf4+ 39. Kg1 Qc1+ 40.
Kf2 Qf4+ 41. Kg1 Qc1+ 42. Kh2 Qf4+ 43. Kh1 Qf1+ 44. Kh2 Qf4+ 1/2-1/2

[Event "NB II. Asztalos csoport"]
[Site "Kaposvar"]
[Date "2024.04.07"]
[Round "7.1"]
[White "Vrban, Mladen"]
[Black "Veress, Robert"]
[Result "1-0"]
[WhiteElo "2276"]
[BlackElo "2174"]
[PlyCount "71"]
[EventDate "2023.10.08"]
[EventType "team-tourn"]
[EventRounds "9"]
[EventCountry "HUN"]
[Source "chess.hu"]
[WhiteTeam "Sakk Egylet Nagyatad"]
[BlackTeam "Kaposvari Bastya SE"]
[WhiteTeamCountry "HUN"]
[BlackTeamCountry "HUN"]

1. e4 e5 2. Nf3 Nc6 3. Bb5 a6 4. Ba4 Nf6 5. O-O Be7 6. Re1 b5 7. Bb3 O-O 8. c3
d5 9. exd5 Nxd5 10. Nxe5 Nxe5 11. Rxe5 c6 12. d4 Bd6 13. Re1 Qh4 14. g3 Qh3 15.
Be3 Bg4 16. Qd3 Rae8 17. Nd2 Re6 18. Qf1 Qh5 19. Bxd5 cxd5 20. a4 f5 21. f4
Rfe8 22. Qf2 Qf7 23. axb5 axb5 24. Kg2 Qb7 25. h3 Bh5 26. Nf3 Re4 27. Ne5 b4
28. Bd2 b3 29. Kh2 Ra8 30. Rxa8+ Qxa8 31. Rxe4 fxe4 32. Qf1 Be8 33. c4 Bxe5 34.
fxe5 Qa6 35. Bb4 Bf7 36. Qf2 1-0

[Event "NB II. Asztalos csoport"]
[Site "Kaposvar"]
[Date "2024.04.07"]
[Round "7.2"]
[White "Katai, David"]
[Black "Matko, Ognjen"]
[Result "1/2-1/2"]
[WhiteElo "2146"]
[BlackElo "2258"]
[PlyCount "48"]
[EventDate "2023.10.08"]
[EventType "team-tourn"]
[EventRounds "9"]
[EventCountry "HUN"]
[Source "chess.hu"]
[WhiteTeam "Kaposvari Bastya SE"]
[BlackTeam "Sakk Egylet Nagyatad"]
[WhiteTeamCountry "HUN"]
[BlackTeamCountry "HUN"]

1. e4 e5 2. Nf3 Nc6 3. Bb5 Nf6 4. O-O Nxe4 5. d4 Nd6 6. dxe5 Nxb5 7. a4 Nbd4 8.
Nxd4 Nxd4 9. Qxd4 d5 10. exd6 Qxd6 11. Qe4+ Qe6 12. Qf3 Bd6 13. Bf4 O-O 14.
Bxd6 Qxd6 15. Nc3 c6 16. Ne4 Qg6 17. Rfe1 Bf5 18. c3 Rad8 19. Ng3 Bc8 20. a5 a6
21. Re3 Rd2 22. b4 Be6 23. Rae1 h6 24. h3 Rfd8 1/2-1/2

[Event "NB II. Asztalos csoport"]
[Site "Kaposvar"]
[Date "2024.04.07"]
[Round "7.3"]
[White "Horvath, Attila"]
[Black "Galambos, Tivadar"]
[Result "1-0"]
[WhiteElo "2109"]
[BlackElo "1933"]
[PlyCount "79"]
[EventDate "2023.10.08"]
[EventType "team-tourn"]
[EventRounds "9"]
[EventCountry "HUN"]
[Source "chess.hu"]
[WhiteTeam "Sakk Egylet Nagyatad"]
[BlackTeam "Kaposvari Bastya SE"]
[WhiteTeamCountry "HUN"]
[BlackTeamCountry "HUN"]

1. e4 c5 2. Nf3 Nc6 3. c3 d6 4. d4 cxd4 5. cxd4 Bg4 6. d5 Bxf3 7. gxf3 Ne5 8.
f4 Nd7 9. Be3 Ngf6 10. Nc3 Qa5 11. f3 a6 12. Qd4 e6 13. b4 Qd8 14. dxe6 fxe6
15. e5 Nh5 16. Bf2 Be7 17. Bh3 Rf8 18. Be3 Qc7 19. Bxe6 dxe5 20. Nd5 exd4 21.
Nxc7+ Kd8 22. Nxa8 dxe3 23. O-O-O Rxf4 24. Rxd7+ Ke8 25. Nc7+ Kf8 26. Nd5 Rc4+
27. Kd1 Rd4+ 28. Kc2 Bg5 29. f4 Nxf4 30. Nxf4 Rxf4 31. Kd3 Rf2 32. Bg4 h5 33.
Be2 Rf6 34. Rc1 Kg8 35. Rcc7 Bh6 36. Bxh5 Rf2 37. Rc2 Rf5 38. Bg6 Rf8 39. Rdc7
Bf4 40. Rc8 1-0

[Event "NB II. Asztalos csoport"]
[Site "Kaposvar"]
[Date "2024.04.07"]
[Round "7.4"]
[White "Kadlicsko, Jozsef"]
[Black "Molnar, Aurel Jr"]
[Result "1/2-1/2"]
[WhiteElo "2015"]
[BlackElo "2071"]
[PlyCount "98"]
[EventDate "2023.10.08"]
[EventType "team-tourn"]
[EventRounds "9"]
[EventCountry "HUN"]
[Source "chess.hu"]
[WhiteTeam "Kaposvari Bastya SE"]
[BlackTeam "Sakk Egylet Nagyatad"]
[WhiteTeamCountry "HUN"]
[BlackTeamCountry "HUN"]

1. Nf3 Nf6 2. c4 g6 3. Nc3 Bg7 4. e4 d6 5. d4 O-O 6. Be2 e5 7. d5 a5 8. O-O Na6
9. Qc2 Nc5 10. Be3 b6 11. a3 a4 12. Bxc5 bxc5 13. Nd2 Bd7 14. Rfb1 h5 15. Nf1
Nh7 16. b4 axb3 17. Qxb3 h4 18. Qd1 f5 19. f3 Ng5 20. Bd3 Rf7 21. Qe2 Bh6 22.
Ra2 Qf6 23. Nd2 Nh7 24. a4 Qg5 25. Nf1 Nf6 26. Qd2 Qh5 27. Qd1 h3 28. g3 Qg5
29. a5 f4 30. Kh1 fxg3 31. Nxg3 Nh5 32. Nxh5 Qxh5 33. Be2 Be3 34. a6 Qg5 35.
Qf1 Rff8 36. Nd1 Bd4 37. a7 Kg7 38. Nf2 Qe3 39. Nxh3 Rh8 40. Ng1 Qf4 41. Qg2
Rh5 42. Bd3 Rg5 43. Qe2 Bxg1 44. Rxg1 Bh3 45. Rxg5 Qxg5 46. Bc2 Qc1+ 47. Bd1
Kf6 48. Kg1 Qg5+ 49. Kh1 Qc1 1/2-1/2

[Event "NB II. Asztalos csoport"]
[Site "Kaposvar"]
[Date "2024.04.07"]
[Round "7.5"]
[White "Konig, Balazs"]
[Black "Mihalecz, Attila"]
[Result "1/2-1/2"]
[WhiteElo "2110"]
[BlackElo "1935"]
[PlyCount "79"]
[EventDate "2023.10.08"]
[EventType "team-tourn"]
[EventRounds "9"]
[EventCountry "HUN"]
[Source "chess.hu"]
[WhiteTeam "Sakk Egylet Nagyatad"]
[BlackTeam "Kaposvari Bastya SE"]
[WhiteTeamCountry "HUN"]
[BlackTeamCountry "HUN"]

1. d4 d6 2. Nf3 Bg4 3. c3 c6 4. Bf4 Nf6 5. Nbd2 Nbd7 6. Qb3 Qb6 7. e3 Qxb3 8.
axb3 Nh5 9. Bg5 f6 10. Bh4 g5 11. Bg3 Bf5 12. Be2 Nxg3 13. hxg3 e5 14. dxe5
dxe5 15. e4 Be6 16. b4 Nb6 17. Nh2 a6 18. Bg4 Kf7 19. Bxe6+ Kxe6 20. Ng4 c5 21.
bxc5 Bxc5 22. Rh6 Nd7 23. Ke2 Be7 24. Rah1 Nc5 25. f3 b5 26. Ne3 Na4 27. Rxh7
Rxh7 28. Rxh7 Nxb2 29. Nd5 Ra7 30. Nb3 Nc4 31. Nxe7 Rxe7 32. Nc5+ Kd6 33. Rxe7
Kxe7 34. Nxa6 Kd6 35. Nb4 Nb6 36. Ke3 Kc5 37. Kd3 Kd6 38. Nc2 Nc4 39. Nb4 Nb6
40. Ke3 1/2-1/2

[Event "NB II. Asztalos csoport"]
[Site "Kaposvar"]
[Date "2024.04.07"]
[Round "7.6"]
[White "Marcsingo, Jozsef"]
[Black "Szijarto, Attila"]
[Result "0-1"]
[WhiteElo "1836"]
[BlackElo "1953"]
[PlyCount "44"]
[EventDate "2023.10.08"]
[EventType "team-tourn"]
[EventRounds "9"]
[EventCountry "HUN"]
[Source "chess.hu"]
[WhiteTeam "Kaposvari Bastya SE"]
[BlackTeam "Sakk Egylet Nagyatad"]
[WhiteTeamCountry "HUN"]
[BlackTeamCountry "HUN"]

1. d4 Nf6 2. Nf3 e6 3. Bf4 d5 4. e3 Be7 5. Bd3 c5 6. c3 Bd7 7. Nbd2 Bc6 8. Ne5
Nbd7 9. Ndf3 h6 10. O-O O-O 11. Nxc6 bxc6 12. Ne5 Nxe5 13. dxe5 Nd7 14. Qg4 Bg5
15. h4 Bxf4 16. exf4 Rb8 17. Rab1 Qa5 18. a3 Qa4 19. g3 Nxe5 20. Qd1 Qxd1 21.
Rfxd1 Nxd3 22. Rxd3 Rb3 0-1

[Event "NB II. Asztalos csoport"]
[Site "Kaposvar"]
[Date "2024.04.07"]
[Round "7.7"]
[White "Ferencz, Miklos"]
[Black "Erdelyi, Sandor"]
[Result "1/2-1/2"]
[WhiteElo "1993"]
[BlackElo "1905"]
[PlyCount "28"]
[EventDate "2023.10.08"]
[EventType "team-tourn"]
[EventRounds "9"]
[EventCountry "HUN"]
[Source "chess.hu"]
[WhiteTeam "Sakk Egylet Nagyatad"]
[BlackTeam "Kaposvari Bastya SE"]
[WhiteTeamCountry "HUN"]
[BlackTeamCountry "HUN"]

1. e4 c5 2. Nf3 d6 3. d4 cxd4 4. Nxd4 Nf6 5. f3 e6 6. Nc3 a6 7. Be3 b5 8. Qd2
Bb7 9. Bd3 Nc6 10. a4 Nxd4 11. Bxd4 b4 12. Nd1 d5 13. e5 Nd7 14. O-O a5 1/2-1/2

[Event "NB II. Asztalos csoport"]
[Site "Kaposvar"]
[Date "2024.04.07"]
[Round "7.9"]
[White "Ehrbar, Tibor"]
[Black "Palavics, Krisztian"]
[Result "0-1"]
[WhiteElo "1890"]
[BlackElo "1867"]
[PlyCount "61"]
[EventDate "2023.10.08"]
[EventType "team-tourn"]
[EventRounds "9"]
[EventCountry "HUN"]
[Source "chess.hu"]
[WhiteTeam "Sakk Egylet Nagyatad"]
[BlackTeam "Kaposvari Bastya SE"]
[WhiteTeamCountry "HUN"]
[BlackTeamCountry "HUN"]

1. e4 c5 2. Nf3 d6 3. Nc3 a6 4. g3 Nc6 5. Bg2 g6 6. O-O Bg7 7. Re1 e6 8. d3
Nge7 9. Ne2 O-O 10. c3 Ne5 11. d4 Nxf3+ 12. Bxf3 Qc7 13. Be3 b6 14. e5 d5 15.
Qd2 Nf5 16. Bf4 a5 17. g4 Ne7 18. Rac1 c4 19. Kg2 b5 20. Ng3 b4 21. h4 bxc3 22.
bxc3 Rb8 23. Rb1 Bd7 24. Rec1 a4 25. Ne2 a3 26. Rb4 Nc6 27. Ra4 Rb2 28. Rc2
Nxd4 29. cxd4 Bxa4 30. Rxb2 axb2 31. Qxb2 0-1

[Event "NB II. Asztalos csoport"]
[Site "Kaposvar"]
[Date "2024.04.07"]
[Round "7.10"]
[White "Keszericze, Imre"]
[Black "Krivarics, Robert"]
[Result "0-1"]
[WhiteElo "1693"]
[BlackElo "1887"]
[PlyCount "96"]
[EventDate "2023.10.08"]
[EventType "team-tourn"]
[EventRounds "9"]
[EventCountry "HUN"]
[Source "chess.hu"]
[WhiteTeam "Kaposvari Bastya SE"]
[BlackTeam "Sakk Egylet Nagyatad"]
[WhiteTeamCountry "HUN"]
[BlackTeamCountry "HUN"]

1. d4 f5 2. Nf3 Nf6 3. h3 e6 4. Bf4 d5 5. e3 Bd6 6. Ne5 O-O 7. Be2 Ne4 8. O-O
Nd7 9. Nd2 c5 10. c3 a6 11. Rc1 c4 12. b3 b5 13. Ndf3 Nxe5 14. Nxe5 Bb7 15.
bxc4 bxc4 16. f3 Nf6 17. g4 fxg4 18. fxg4 Ne4 19. Rf3 Qh4 20. Bf1 g5 21. Bh2
Rxf3 22. Qxf3 Rf8 23. Qe2 Ng3 24. Qg2 Ne4 25. Qe2 Nf2 26. Rb1 Bc8 27. Bg2 Nxh3+
28. Bxh3 Qxh3 29. Rf1 Rxf1+ 30. Qxf1 Qxe3+ 31. Kh1 Qe4+ 32. Kg1 Bxe5 33. Bxe5
Qxg4+ 34. Qg2 Qxg2+ 35. Kxg2 Kf7 36. Kg3 Kg6 37. Kg4 h5+ 38. Kh3 Kf5 39. a4 a5
40. Bc7 Bd7 41. Bxa5 Bxa4 42. Bc7 Bd7 43. Be5 Ke4 44. Kg3 Ke3 45. Bc7 Kd3 46.
Ba5 h4+ 47. Kg4 e5+ 48. Kxg5 h3 0-1

[Event "NB II. Asztalos csoport"]
[Site "Kaposvar"]
[Date "2024.04.07"]
[Round "7.11"]
[White "Szarka, Rego"]
[Black "Feher, Koppany"]
[Result "1-0"]
[WhiteElo "1600"]
[BlackElo "1692"]
[PlyCount "103"]
[EventDate "2023.10.08"]
[EventType "team-tourn"]
[EventRounds "9"]
[EventCountry "HUN"]
[Source "chess.hu"]
[WhiteTeam "Sakk Egylet Nagyatad"]
[BlackTeam "Kaposvari Bastya SE"]
[WhiteTeamCountry "HUN"]
[BlackTeamCountry "HUN"]

1. d4 Nf6 2. Nf3 g6 3. b3 Bg7 4. Bb2 O-O 5. e3 d6 6. Nbd2 c5 7. dxc5 dxc5 8.
Bc4 a6 9. a4 Nc6 10. Qe2 Bf5 11. O-O-O Qc7 12. e4 Bg4 13. h3 Bxf3 14. Nxf3 Qf4+
15. Nd2 Nxe4 16. Qxe4 Bxb2+ 17. Kxb2 Qf6+ 18. c3 b5 19. axb5 axb5 20. Bxb5 Nb4
21. Ra1 Qxf2 22. Rxa8 Qxd2+ 23. Kb1 Qxc3 24. Rxf8+ Kxf8 25. Qc4 Qd2 26. Rf1
Qa2+ 27. Kc1 Qa1+ 28. Kd2 Qb2+ 29. Ke3 Nc2+ 30. Kd3 Nb4+ 31. Ke3 Nc2+ 32. Ke4
f5+ 33. Kf3 Nd4+ 34. Kg3 Nxb5 35. Qxb5 Qe5+ 36. Kf2 Qd4+ 37. Ke1 Qa1+ 38. Kd2
Qd4+ 39. Qd3 Qb2+ 40. Qc2 Qd4+ 41. Ke1 Qa1+ 42. Qd1 Qc3+ 43. Kf2 Qd4+ 44. Qxd4
cxd4 45. b4 e5 46. b5 Ke7 47. b6 Kd6 48. Rc1 d3 49. Ke3 e4 50. b7 f4+ 51. Kxe4
d2 52. b8=Q+ 1-0